| 000 | 00780cam a2200229 a 4500 | ||
|---|---|---|---|
| 999 |
_c57439 _d57439 |
||
| 001 | 17017808 | ||
| 005 | 20221107151509.0 | ||
| 008 | 111019s2012 paua b 001 0 eng | ||
| 020 | _a9781437724110 X | ||
| 041 | _aeng | ||
| 080 | _a615.8 A-54 | ||
| 100 |
_aAndrews J.R. _98641 |
||
| 245 | 0 | 0 |
_aPhysical rehabilitation of the injured athlete / _cJames R. Andrews, Gary L. Harrelson, Kevin E. Wilk. |
| 250 | _a4th ed. | ||
| 264 |
_aPhiladelphia : _bElsevier/Saunders, _c2012. |
||
| 300 |
_a618 p. : _bcol. ill. ; _c29 cm. |
||
| 653 | _aმედიცინა | ||
| 653 | _aფიზიკური რეაბილიტაცია | ||
| 700 | 1 |
_aHarrelson, Gary L. _eავტორი _98644 |
|
| 700 | 1 |
_aWilk, Kevin E. _eავტორი _98645 |
|
| 942 |
_2udc _cBK |
||